Virtus in Arduis: I Did It My Way/ (Record no. 176317)

MARC details
000 -LEADER
fixed length control field 00692nam a22001817a 4500
005 - DATE AND TIME OF LATEST TRANSACTION
control field 20201215112734.0
010 ## - LCCN (DPL NO)
LC control number ENG-128658
020 ## - INTERNATIONAL STANDARD BOOK NUMBER
International Standard Book Number 978-93-5287-531-3
Terms of availability 895.00
035 ## - SYSTEM CONTROL NUMBER
System control number EN-112190
037 ## - SOURCE OF ACQUISITION
Source of stock number/acquisition DBAD/PUB
082 ## - DEWEY DECIMAL CLASSIFICATION NUMBER
Classification number 330.092
100 ## - MAIN ENTRY--PERSONAL NAME
Personal name Shome, Parthasarathi
245 ## - TITLE STATEMENT
Title Virtus in Arduis: I Did It My Way/
Statement of responsibility, etc Parthasarathi Shome
260 ## - PUBLICATION, DISTRIBUTION, ETC. (IMPRINT)
Place of publication, distribution, etc Telangana
Name of publisher, distributor, etc Orient Blackswan Private Limited
Date of publication, distribution, etc 2019
270 ## - ADDRESS
City Telangana
Postal code 500029
Address 3-6-752, Himayatnagar, Hyderabad
Electronic mail address info@orientblackswan.com
300 ## - PHYSICAL DESCRIPTION
Extent xxii+264p.
Dimensions 22cm(hbk)
Other physical details including index.
942 ## - ADDED ENTRY ELEMENTS (KOHA)
Source of classification or shelving scheme Dewey Decimal Classification
Item type English Books
Classification part 330.092
Call number suffix SHO
Holdings
Withdrawn status Lost status Not for loan Collection code Home library Current library Date acquired Source of acquisition Cost, normal purchase price Full call number Barcode Copy number Cost, replacement price Koha item type
      Non-fiction Bawana Bawana 15/12/2020 DBAD/PUB 895.00 330.092 SHO EN-112190 1 895.00 English Books

© Delhi Public Library
Hit Counter
free hit counter